000 00460nam a22001817a 4500
003 MPLRDC
005 20220104142919.0
008 210129b ||||| |||| 00| 0 eng d
082 _a494.07 WM v.1
100 _a魏铭著
245 _a如何经营自己. 第一部: 怎样当伙计. 上
_c
250 _a重印
260 _a
_b联经出版事业公司
_c1979
300 _b
490 _a经济日报丛书
650 _a
942 _cBK
_o494.07 WM v.1
999 _c34828
_d34818